Прагматичність англомовного суспільства (дошкільний період виховання дітей): психолінгвістичний аспект (Запис № 284940)

МАРК-запис
000 -LEADER
fixed length control field 02218nam a22001577a 4500
041 ## - LANGUAGE CODE
Language code of text/sound track or separate title ukr
080 ## - UNIVERSAL DECIMAL CLASSIFICATION NUMBER
Universal Decimal Classification number 09
090 ## - LOCALLY ASSIGNED LC-TYPE CALL NUMBER (OCLC); LOCAL CALL NUMBER (OCLC)
Local cutter number (OCLC) ; Book number/undivided call number, CALL (RLIN) РАД
100 ## - MAIN ENTRY--PERSONAL NAME
Personal name Радковська І. І.
245 ## - TITLE STATEMENT
Title Прагматичність англомовного суспільства (дошкільний період виховання дітей): психолінгвістичний аспект
260 ## - PUBLICATION, DISTRIBUTION, ETC. (IMPRINT)
Place of publication, distribution, etc Острог
Name of publisher, distributor, etc КАФ
Date of publication, distribution, etc 2012
300 ## - PHYSICAL DESCRIPTION
Extent 63
520 ## - SUMMARY, ETC.
Summary, etc РОЗДІЛ 1 РОЛЬ ЕТНОПСИХОЛІНГВІСТИКИ ТА ПСИХОЛІНГВІСТИКИ У ФОРМУВАННІ МОВНОЇ КУЛЬТУРИ ОСОБИСТОСТІ<br/>1.1 Теорія відносності мови Сепір-Уорфа та її вплив на розвиток етнопсихолінгвістики та психолінгвістики.<br/>1.2 Вплив національно-культурної варіативності на мовлення людини.<br/>РОЗДІЛ 2 ПЕДАГОГІКА ПРАГМАТИЗМУ В АНГЛОМОВНОМУ СУСПІЛЬСТВІ<br/>2.1 Індивідуальна орієнтація ангомовних культур.<br/>2.2 Зарубіжні педагогічні концепції дошкільної освіти ХХ ст.<br/>2.3 Прагматична педагогіка Джона Дьюї.<br/>2.4 Виховання по-американськи: від пуританства до узаконеної волі.<br/>2.5 Дошкільна освіта у Великобританії.<br/>РОЗДІЛ 3 ПРАГМАТИЧНИЙ АСПЕКТ ВИКОРИСТАННЯ МОВНИХ ОДИНИЦЬ В АНГЛОМОВНОМУ СЕРЕДОВИЩІ<br/>3.1 Висловлювання вихвалянь і їх роль у вихованні дошкільнят.<br/>3.2 Прохання та відмова як чинники психологічного впливу на дітей дошкільного віку.<br/>3.3 Вплив принципу такту у спілкуванні з дитиною на знаходження з нею спільної мови.
-- мовознавство, психолінгвістика, прагматизм
650 ## - SUBJECT ADDED ENTRY--TOPICAL TERM
Topical term or geographic name as entry element Research Papers
942 ## - ADDED ENTRY ELEMENTS (KOHA)
Koha item type Книги
Фонди
Withdrawn status Lost status Source of classification or shelving scheme Damaged status Not for loan Home library Current library Date acquired Source of acquisition Cost, normal purchase price Total Checkouts Full call number Barcode Date last seen Price effective from Koha item type
    Universal Decimal Classification     ВІЛ - Відділ іноземн. літератури НБ ВІЛ - Відділ іноземн. літератури НБ 18/09/2012 Акт №5 1.00   09 215033 10/11/2021 18/09/2012 Книги